Statistics for Baseball Pitchers with 300 Wins

Click here to take the quiz!

General Stats

  • This quiz has been taken 20,606 times
  • The average score is 9 of 24

Answer Stats

WinsYearPitcher% Correct
5111901Cy Young
89%
3032009Randy Johnson
85%
4171920Walter Johnson
82%
3241990Nolan Ryan
77%
3542003Roger Clemens
76%
3552004Greg Maddux
75%
3052007Tom Glavine
62%
3111985Tom Seaver
49%
3291983Steve Carlton
42%
3731912Christy Mathewson
39%
3631961Warren Spahn
36%
3181985Phil Niekro
35%
3001941Lefty Grove
28%
3241986Don Sutton
28%
3141982Gaylord Perry
27%
3731924Pete Alexander
23%
3001963Early Wynn
16%
3261915Eddie Plank
12%
3641888Pud Galvin
12%
3611900Kid Nichols
11%
3091891Charley Radbourn
10%
3421890Tim Keefe
10%
3281892John Clarkson
8%
3071890Mickey Welch
8%

Score Distribution

Percentile by Number Answered

Percent of People with Each Score

Your Score History

You have not taken this quiz